| 000 | 00797nam a22002537a 4500 | ||
|---|---|---|---|
| 003 | DO-SdBPM | ||
| 005 | 20260327071854.0 | ||
| 007 | ta | ||
| 008 | 180202b1995 sp ||| 00| 0 spa d | ||
| 020 | _a842042837X | ||
| 040 |
_aDO-SdBPM _bspa _cBPMSU _erda |
||
| 082 | 0 | 4 |
_a848.914 _bV393j 1995 _222 |
| 100 | 1 |
_aVázquez Rial, Horacio _d1947-2012 _eautor _4aut. |
|
| 245 | 1 | 3 |
_aEl juego de los días contados / _cHoracio Vázquez Rial |
| 264 |
_aMadrid : _bSantillana, _c1995. |
||
| 300 |
_a393 páginas ; _c19 cm. |
||
| 336 |
_atexto _btxt _2rdacontent |
||
| 337 |
_asin mediación _bn _2rdamedia |
||
| 338 |
_avolumen _bnc _2rdacarrier |
||
| 590 | _aInventariado, 2026/VM | ||
| 650 | 7 |
_aLiteratura francesa _vColecciones de escritos |
|
| 910 | _aVMateo V. Control de calidad. BPMSU | ||
| 942 |
_2ddc _cBK |
||
| 999 |
_c13253 _d13253 |
||